Kształty europejskich państw – Nagła śmierć - Statystyki

Ogólne statystyki
  • Ten quiz został rozwiązany 7 251 razy
  • Średni wynik to 14 z 20
Answers on the Grid
Answers color-coded by a green-red scale on the quiz's grid according to % correct below.
 
Statystyki odpowiedzi
Odpowiedź % Poprawnych
Włochy
86%
Norwegia
81%
Francja
81%
Hiszpania
80%
Wielka Brytania
79%
Chorwacja
78%
Niemcy
78%
Grecja
77%
Islandia
75%
Austria
75%
Portugalia
71%
Finlandia
67%
Irlandia
65%
Szwajcaria
65%
Dania
63%
Albania
60%
Holandia
59%
Estonia
49%
Malta
45%
Monako
44%
Nie znaleziono quizów pasujących do podanych kryteriów
Rozkład punktacji
Procent ludzi z każdym wynikiem
Percentyl według liczby udzielonych odpowiedzi
Twoja historia wyników
Nie rozwiązałeś tego quizu